Normal view
MARC view
- John Nash , Michael
Entry Personal Name
001 - CONTROL NUMBER
- control field: 5770
003 - CONTROL NUMBER IDENTIFIER
- control field: OSt
005 - DATE AND TIME OF LATEST TRANSACTION
- control field: 20240124162624.0
008 - FIXED-LENGTH DATA ELEMENTS
- fixed length control field: 240124|| aca||aabn | a|a d
040 ## - CATALOGING SOURCE
- Original cataloging agency: OSt
- Transcribing agency: OSt
100 ## - HEADING--PERSONAL NAME
- Personal name: John Nash , Michael
670 ## - SOURCE DATA FOUND
- Source citation: Work cat.: (OSt)4867: John Nash , Michael ., Crop conservation and storage in cool temperate climates / , 1985.
